00566nam a22001577a 450000500170000001000150001702000260003203500140005803700130007208200080008510000150009324501030010826001040021127000670031530000260038220231130152234.0 aENG-138498 a9789354096723c705.00 aEN-122030 bDBAD/PUB a920 aChaman Lal aLife & Legend of Bhagat Singh:bA Pictorial Volume/cby Chaman Lal [and]Edited by Pankhuri Awasthi aNew DelhibPublications Division ,Ministry of Infomation and Broadcasting Government of Indiac2022 bNew DelhiaSoochna Bhawan, C.G.O. Complex, Lodhi Road e110003 a212pbill.c28cm(pbk)